Commedie con maggiori incassi nella storia del cinema - Statistics

Statistiche generali
  • Questo quiz è stato fatto 21 volte
  • Il punteggio medio è 1 su 12
Statistiche sulle risposte
Incasso ($) Anno di uscita del film Film % Corretto
1 434 220 354 2023 Barbie
75%
586 764 305 2011 Una notte da leoni 2
30%
522 657 936 2004 Mi presenti i tuoi?
5%
549 368 315 2012 Ted
5%
783 112 979 2016 Deadpool
0%
785 046 920 2018 Deadpool 2
0%
544 185 156 2018 Detective Chinatown 2
0%
686 257 563 2021 Detective Chinatown 3
0%
553 810 228 2016 Mei ren yu
0%
589 390 539 1997 Men in Black
0%
624 026 776 2012 Men in Black 3
0%
841 674 419 2021 Ni hao, Li Huanying
0%
Nessun quiz corrispondente trovato
Distribuzione punteggi
Percentuale di utenti per punteggio
Percentile per numero di risposta
I tuoi punteggi nel tempo
Non hai fatto questo quiz